| 000 | 00627nam a2200241Ia 4500 | ||
|---|---|---|---|
| 003 | OSt | ||
| 005 | 20221005090443.0 | ||
| 006 | a|||||r|||| 00| 0 | ||
| 007 | ta | ||
| 008 | 221004b |||||||| |||| 00| 0 eng d | ||
| 024 | _a74369 | ||
| 037 | _cTextual | ||
| 040 |
_aCRL _cCRL _beng |
||
| 041 |
_2eng _aeng |
||
| 082 | _aO111973,3:gx, F1 | ||
| 100 |
_aVan Doren Carl _955481 |
||
| 245 | 0 | _aAmerican novel | |
| 260 |
_aNew York _bMacmillan USA _c1921 |
||
| 300 |
_a295p. _ccm. |
||
| 650 | _aENGLISH LITERATURE | ||
| 942 |
_hO111973,3:gx, F1 _cTEXL _2cc |
||
| 999 |
_c995804 _d995804 |
||